Kontrola zamestnanca prostredníctvom elektronickej pošty
Kontrola e-mailovej pošty zamestnanca je zo strany zamestnávateľov pomerne častá, zriedkakedy aj oprávnená. Zamestnávatelia tak zisťujú možný únik informácií v prospech tretích osôb. V tejto súvislosti tak vzniká početnosť problémov, pokiaľ ide o oprávnenosť sledovania zamestnanca v rámci ochrany je...
Saved in:
| Main Author: | |
|---|---|
| Format: | Book Chapter |
| Language: | Slovak |
| Subjects: | |
| Tags: |
No Tags, Be the first to tag this record!
|
MARC
| LEADER | 00000naa a2200000 4500 | ||
|---|---|---|---|
| 001 | 0240153 | ||
| 005 | 20180212141453.8 | ||
| 041 | 0 | |a slo | |
| 044 | |a SK | ||
| 245 | 1 | 0 | |a Kontrola zamestnanca prostredníctvom elektronickej pošty |c Lucia Petríková |
| 520 | |a Kontrola e-mailovej pošty zamestnanca je zo strany zamestnávateľov pomerne častá, zriedkakedy aj oprávnená. Zamestnávatelia tak zisťujú možný únik informácií v prospech tretích osôb. V tejto súvislosti tak vzniká početnosť problémov, pokiaľ ide o oprávnenosť sledovania zamestnanca v rámci ochrany jeho práva na súkromný život. Definícia pojmu elektronická pošta a kontroly e-pošty zamestnanca. | ||
| 610 | 2 | 0 | |a zamestnanci |
| 610 | 2 | 0 | |a komunikácia elektronická |
| 610 | 2 | 0 | |a ochrana údajov osobných |
| 610 | 2 | 0 | |a práva ľudské |
| 610 | 2 | 0 | |a zamestnávatelia |
| 100 | 1 | |a Petríková, Lucia | |